| 000 | 00798nam a2200253 a 4500 | ||
|---|---|---|---|
| 001 | 20528 | ||
| 003 | VRT | ||
| 005 | 20260124124645.0 | ||
| 008 | 000816s1949 xo g 000 f slo d | ||
| 035 | _aUKB000254220 | ||
| 039 | 9 |
_a201203211048 _bjuso _c201203211045 _djuso _c201109291438 _dgluc |
|
| 040 |
_aBAA001 _bslo _cBAA001 _eAACR2 |
||
| 041 | 1 |
_aslo _hrus |
|
| 044 |
_axo _cSK |
||
| 100 | 1 |
_aDostojevskij, Fedor Michajlovič, _d1821-1881 |
|
| 245 | 1 | 0 |
_aPonížení a urazení _bromán v 4.častiach _cF.M. Dostojevskij |
| 260 |
_a[Turčiansky Sv. Martin] _bMatica slovenská _c1949 |
||
| 300 | _a397 s. | ||
| 700 | 1 |
_aRázusová-Martáková, Mária _4trl |
|
| 910 | _aukb | ||
| 942 |
_2ddc _cKLDO _n0 |
||
| 949 |
_61800073204 _a20.F.02447 _bPV.1118-50 |
||
| 949 |
_61800591259 _aS.F.05016 _bPV.1117-50 |
||
| 999 |
_c20528 _d20528 |
||